000
00350nam a2200169Ia 4500
100
_a
RAMET/ADELE
650
_a
PHILOPSOPHY
942
_c
BK
366
_f
25
654
_a
WRITING
245
_a
CREATIVE WRITING.
260
_b
BETTER YOURSELF BOOK
_a
Bandra
_c
2001
082
_a
107/RAM
_b
RAM
300
_a
148
546
_a
ENGLISH
999
_c
20017
_d
20017